| 000 | 00727cam a2200193 a 4500 | ||
|---|---|---|---|
| 001 | 000005647 | ||
| 005 | 20200929151730.0 | ||
| 008 | 760402s1974 ve a b 001 0 spa | ||
| 040 |
_aDO-SdBNP _cFU _dDLC |
||
| 082 |
_a987.061 _bP438g |
||
| 100 | 1 |
_aPérez Arcay, Jacinto Rafael _q(General de brigada). _915976 |
|
| 245 | 1 | 3 |
_aLa guerra federal : _bconsecuencias / _cJacinto Pérez Arcay. |
| 260 |
_aCaracas, Venezuela : _bGráficas Reus, _c1974. |
||
| 300 |
_a337 : _bil. ; _c23 cm. |
||
| 502 | _a"Tesis de curso de Estado Mayor (Escuela Superior del Ejército de Venezuela)." | ||
| 504 | _aBibliografías: p. 281-283. | ||
| 651 | 4 |
_aVenezuela _xHistoria _xGuerra Federal, _y1859-1863 _915977 |
|
| 910 | _aCatalogación por copia / LC | ||
| 999 |
_c5446 _d5446 |
||